000
00457nam a2200169Ia 4500
008
090124s9999 xx 000 0 und d
082
_b
127712
100
_a
खरात शंकरराव.
245
_a
तडीपार
250
_a
2
260
_c
1965
600
_a
खरात शंकरराव.
630
_a
तडीपार
700
_a
खरात शंकरराव.
730
_a
तडीपार
942
_c
BOOK
999
_c
173801
_d
173801